| 000 | 00590nam a2200241Ia 4500 | ||
|---|---|---|---|
| 003 | OSt | ||
| 005 | 20220928134916.0 | ||
| 006 | a|||||r|||| 00| 0 | ||
| 007 | ta | ||
| 008 | 220927b |||||||| |||| 00| 0 eng d | ||
| 024 | _a135 | ||
| 037 | _cTextual | ||
| 040 |
_aSDCL _cSDCL _beng |
||
| 041 |
_2eng _aeng |
||
| 082 | _aXxN33, P6 | ||
| 100 | _aSen Amartya | ||
| 245 | 0 |
_aBharat _bVikas ki dishaye. |
|
| 260 | _c2006 | ||
| 650 | _aSen Amartya | ||
| 700 |
_a Drij Jya _9489073 |
||
| 942 |
_hXxN33, P6 _cTEXL _2CC |
||
| 999 |
_c804273 _d804273 |
||